000 00894nam a2200313Ia 4500
001 B3391
003 IT-RoPAU
008 130308s9999 xx 000 0 und d
040 _aIT-RoPAU
040 _cIT-RoPAU
041 _aFRANCESE
100 _aFaton Jacques
100 _gCodice Aut. SPICS: 37591
245 _aDu cinema dessinè au cinema de l'immobile
245 _bStoryboard-Le Cinema Dessine'
250 _a1a ed.
260 _aPARIS
260 _bEditions Yellow Now
260 _c1992 [1° Ed.:1992 - Ed.Ling.Originale:1992]
300 _a"5 p. (prefazione: no ; testo: 5 [pagine: 185-189])"
500 _aDal Cinema di Animazione al Cinema dell'Immobile.
650 _aLINGUAGGIO CINEMATOGRAFICO
650 _eCodice materia Spics: 6804
700 _aDe Pierpont Philippe
700 _gCodice Aut. SPICS: 37592
942 _cBK
957 _71
999 _c82894
_d82894
999 _g1